Un personnage historique par lettre de l'alphabet - Statistiques

Statistiques générales
  • Ce quiz a été pris 398 fois
    243 depuis la dernière actualisation
  • Le résultat moyen est 16 sur 24
Statistiques - réponses
Réponse % Correct
Empereur de la France sacré en 800 Charlemagne
93%
Il a construit la célèbre tour de 300 mètres construite pour l'exposition universelle de 1889 Eiffel
91%
Le roi Soleil Louis XIV
91%
Prénom de Newton Isaac
89%
La Pucelle, qui a libéré Orléans. Elle est morte brûlée par les Anglais sur un bûcher Jeanne d'Arc
89%
Maréchal a la tête du régime de Vichy Pétain
84%
Il a assassiné César, son père adoptif Brutus
79%
Quelle la couleur du cheval blanc d'....... ? Henri IV
77%
Président des Etats-Unis de 1961 jusqu'à sa mort en 1963, un des acteurs de la crise de Cuba durant la Guerre Froide Kennedy
77%
Roi des Huns de 434 à 453, Sainte Geneviève a du défendre Paris contre lui Attila
76%
Astronome ayant vécu entre 1564 et 1642. Il est connu pour avoir fortement amélioré la lunette astronomique et pour avoir défendu les découvertes de Copernic concernant le Soleil Galilée
76%
Nom de famille de celui qui a écrit "Les trois mousquetaires", "Le Comte de Monte-Christo" etc... Dumas
75%
Ecrivain anglais ayant écrit "Roméo et Juliette", "Macbeth" etc... Shakespeare
70%
Ecrivain considéré comme le "père littéraire" de Guy de Maupassant, il a aussi écrit "Madame Bovary" Flaubert
68%
Pharaon égyptien dont Howard Carter a retrouvé le tombeau en 1922 dans la Vallée des rois. Selon la légende une malédiction serait jetée sur celui qui oserait troubler le sommeil du pharaon Toutânkhamon
61%
Nom du premier président des Etats-Unis Washington
61%
Roi de Rome, son règne a été marqué par la persécution des chrétiens et par l'incendie de Rome Néron
60%
Le détroit au sud du continent américain porte son nom Magellan
59%
Nom de famille de l'auteur de "Germinal" Zola
58%
L'un des principaux acteurs de La Terreur, il fut tué en 1794. Robespierre
53%
Un des principaux philosophes des lumières, il s'engage particulièrement dans le défense de a justice et dans la tolérance religieuse Voltaire
53%
Poète latin, ses œuvres les plus connues sont "Les Métamorphoses" et "L'Art d'aimer" Ovide
51%
Pape à l'origine de la première croisade le 27 novembre 1095 suite à l'appel de Clermont Urbain II
39%
Philosophe grec qui a été exilé de Colophon lorsqu'elle est tombée sous domination perse Xénophane
0%
Aucun quiz correspondant
Distribution des résultats
% des personnes avec chaque résultat
Percentile par nombre de réponses
Votre historique - résultats
Vous n’avez pas pris ce quiz depuis la dernière actualisation